00769 2200277 4500001002100000005001700021008004100038020001800079035002400097090001800121100002500139245008400164250001100248260003500259300002900294500002900323650001000352650002500362700001900387700002000406850001500426980001400441985000600455999001500461999001500476YOGYA-0209000003431120090227024858.0 ind  a979-489-338-2 0010-020900000034311 a635bSum SlT aSUMADI, Widyaningsih aSayuran babycWidyaningsih Soemadi, Abdul Muthalib ; ilustrator, Johanes Sugito aCet. 1 aJakartabPenebar Swadayac1996 avii, 82 hlmbilusc21 cm aBibliografi : hlm. 81-82 aSayur aSayuran - Pengolahan aAbdul Muthalib aSugito, Yohanes aYOPDYOG(B) a4-11-2006 a2 a98P0115687 a98P0115685